Quiz piłkarski (level średni) - Statystyki

Ogólne statystyki
  • Ten quiz został rozwiązany 127 razy
  • Średni wynik to 9 z 15
Statystyki odpowiedzi
Zagadnienie Odpowiedź % Poprawnych
Który klub nigdy nie wygrał ligi mistrzów? Braga
100%
Kto nie strzelił karnego w ćwierćfinale Euro 2016 w meczu Polska-Portugalia? Kuba Błaszczykowski
100%
Jaki klub ma najwięcej wygranych lig mistrzów? Real Madryt
100%
Kto wygrał ligę europy w sezonie 2016/17? Manchester United
86%
Ile goli strzelił Messi w roku 2012? 91
71%
Kto nie grał nigdy w Chelsea? James Rodriguez
71%
Kto został jedynym bramkarzem Który wygrał złotą piłkę? Lev Yashin
71%
Kto wygrał ligę konferencji w sezonie 2022/23? As Roma
57%
Ile razy Francja wygrała mistrzostwa świata? 2
43%
Kto wygrał la ligę w sezonie 2013/14? Atletico Madryt
43%
Kto strzelił gola na 2-0 w finale ligi mistrzów w sezonie 2018/19 Divock Origi
29%
Który klub wygrał ligę mistrzów w sezonie 2003/04 Fc Porto
29%
Kto jest najstarszym zdobywcą złotej piłki? Karim Benzema
29%
Który z tych piłkarzy nigdy nie wygrał mistrzostw świata? Michael Ballack
29%
Kto nie grał w składzie Brazylii na mś w 2002 roku? Romario
29%
Nie znaleziono quizów pasujących do podanych kryteriów
Rozkład punktacji
Procent ludzi z każdym wynikiem
Percentyl według liczby udzielonych odpowiedzi
Twoja historia wyników
Nie rozwiązałeś tego quizu